[Event "MLS1England"]
[Site "http://www.queenalice.com/game.php?id=1062639"]
[Date "2012.5.22"]
[Round "-"]
[White "MLS1England"]
[Black "Nick04"]
[Result "0-1"]
[WhiteElo "1406"]
[BlackElo "1688"]

1. e4 g6 2. Qf3 Nh6 3. Bc4 Nc6 4. Ne2 Ne5 5. Qb3 a5 6. Bd5 Ra7 7. d4 a4 8. Qg3
Nc6 9. Qf3 Ne5 10. dxe5 e6 11. Bxh6 Bxh6 12. Bc4 Ra5 13. b4 Rxe5 0-1

[Event "Challenge"]
[Site "http://www.queenalice.com/game.php?id=1063597"]
[Date "2012.5.24"]
[Round "-"]
[White "KnightoftheRealm"]
[Black "Nick04"]
[Result "0-1"]
[WhiteElo "1100"]
[BlackElo "1500"]

1. e4 Nf6 2. e5 Nd5 3. Qf3 e6 4. Bc4 c6 5. Bxd5 cxd5 6. Nh3 Nc6 7. Qg3 d6 8.
exd6 Bxd6 9. Qxg7 Be5 10. Qg4 Nd4 11. Na3 b5 12. f4 h5 13. Qd1 Qh4+ 14. Nf2 Bxf4
15. g3 Bxg3 16. hxg3 Qxg3 17. d3 b4 18. Nb1 Rg8 19. Rf1 Qe5+ 20. Kd2 Qf4+ 21.
Ke1 Nf3+ 22. Ke2 Nd4+ 23. Ke1 Nf3+ 24. Ke2 Qe5+ 25. Ne4 dxe4 26. Rxf3 exf3+ 27.
Kf1 Qg3 28. Be3 e5 29. Qe1 Qg2# 0-1

[Event "Let's Play Chess!"]
[Site "http://www.queenalice.com/game.php?id=1077207"]
[Date "2012.6.29"]
[Round "-"]
[White "skorpion"]
[Black "Nick04"]
[Result "1-0"]
[WhiteElo "2766"]
[BlackElo "1500"]

1. e4 c6 2. d4 d5 3. exd5 cxd5 4. c4 Be6 5. Nc3 dxc4 6. d5 Qa5 7. dxe6 Qe5+ 8.
Qe2 Qxe6 9. Qxe6 fxe6 10. Bxc4 e5 11. Nb5 Kd7 12. Nf3 Nc6 13. Be3 Kc8 14. Be6+
Kb8 15. Nxe5 Nxe5 16. Bf4 b6 17. Bxe5+ Kb7 18. Bd5+ Ka6 19. Nc7+ Ka5 20. Bc3+
Ka4 21. Bb3# 1-0

[Event "Challenge"]
[Site "http://www.queenalice.com/game.php?id=1077573"]
[Date "2012.6.29"]
[Round "-"]
[White "Nick04"]
[Black "MONSTERXADREZ"]
[Result "1-0"]
[WhiteElo "1499"]
[BlackElo "1536"]

1. e4 e6 2. Nc3 d6 3. d4 Be7 4. Nf3 Nf6 5. Bg5 h6 6. Bh4 Nc6 7. Bb5 a6 8. Bxc6+
bxc6 9. e5 Ng4 10. Bxe7 Qxe7 11. h3 Nxf2 12. Kxf2 d5 13. Na4 Qb4 14. b3 O-O 15.
Re1 f6 16. a3 Qe7 17. exf6 Qxf6 18. Kg1 g5 19. Nc5 h5 20. Qe2 g4 21. hxg4 hxg4
22. Ne5 a5 23. Qxg4+ Qg7 24. Ng6 a4 25. Ne7+ Kh8 26. Qh3+ Qh7 27. Ng6+ Kg8 28.
Qxh7+ Kxh7 29. Nxf8+ Kg7 30. Ncxe6+ Kf7 31. b4 Bxe6 32. Nxe6 Re8 33. Ng5+ Kf8
34. Rxe8+ Kxe8 35. Ne6 Kd7 36. Nc5+ Kd6 37. g4 Ke7 38. g5 Kf7 39. Rf1+ Kg6 40.
Ne6 Kh5 41. Rf6 Kh4 42. g6 Kg4 43. g7 Kg3 44. g8=Q+ Kh3 45. Rh6# 1-0

[Event "Let's Play Chess!"]
[Site "http://www.queenalice.com/game.php?id=1077588"]
[Date "2012.6.29"]
[Round "-"]
[White "thewhitebishop"]
[Black "Nick04"]
[Result "1-0"]
[WhiteElo "1881"]
[BlackElo "1660"]

1. d4 d5 2. c4 Be6 3. c5 c6 4. Nc3 g6 5. Nf3 f6 6. e3 Bg4 7. Be2 Na6 8. Qa4 Nc7
9. b4 e5 10. h3 Bxf3 11. gxf3 exd4 12. exd4 Nh6 13. Be3 Nf5 14. b5 b6 15. bxc6
bxc5 16. Ba6 cxd4 17. O-O-O dxc3 18. Bb7 Qb8 19. Bf4 Nd6 20. Rhe1+ Be7 21. Bxd6
O-O 22. Rxe7 Qd8 23. Rd7 Qe8 24. Rxc7 Qe2 25. Qb3 Rae8 26. Rxd5 Qb2+ 27. Qxb2
cxb2+ 28. Kxb2 Re2+ 29. Kc3 Rfe8 30. Bc5 Rxa2 31. Rdd7 Ra5 32. Rg7+ Kh8 33.
Rxh7+ Kg8 34. Rcg7# 1-0

[Event "Let's Play Chess!"]
[Site "http://www.queenalice.com/game.php?id=1079031"]
[Date "2012.7.4"]
[Round "-"]
[White "Nick04"]
[Black "charles31"]
[Result "0-1"]
[WhiteElo "1572"]
[BlackElo "1859"]

1. d3 e5 2. e4 Bb4+ 3. c3 Bc5 4. d4 exd4 5. cxd4 Bb6 6. Nc3 a6 7. Nf3 h6 8. Ne5
d6 9. Nxf7 Kxf7 10. Bc4+ Kf8 11. Qf3+ Qf6 12. Nd5 Qxf3 13. gxf3 Be6 14. Nxb6
cxb6 15. Bxe6 Nf6 16. Bf4 Ke7 17. d5 Nbd7 18. Rg1 g5 19. Bxd7 Kxd7 20. Be3 b5
21. O-O-O Rac8+ 22. Kd2 Rc7 23. Bd4 Ke7 24. e5 dxe5 25. Rde1 Nd7 26. Rxe5+ Nxe5
27. Bxe5 Rcc8 28. Bxh8 Rxh8 29. Rg4 Kd6 30. h4 gxh4 31. Rxh4 Kxd5 32. f4 h5 33.
Kd3 b6 34. Rh3 h4 35. f5 Rh5 36. f4 a5 37. a3 a4 38. f6 Ke6 39. Ke4 Kxf6 40. Ke3
Kf5 41. Kf3 Rh8 42. Rh2 h3 43. Rh1 h2 44. Kg3 Ke4 45. Rxh2 Rxh2 46. Kxh2 Kxf4
47. Kg2 Ke3 48. Kg3 Kd3 49. Kf4 Kc2 50. Ke4 Kxb2 51. Kd5 Kxa3 52. Kc6 b4 53. Kb5
b3 54. Kxb6 b2 55. Ka7 b1=Q 56. Ka6 Kb3 57. Kb5 a3 58. Kc6 a2 59. Kd6 a1=Q 60.
Ke6 Qa5 61. Kd7 Qg6 62. Ke7 Qa7+ 63. Kf8 Qgf7# 0-1

[Event "DOIS II"]
[Site "http://www.queenalice.com/game.php?id=1081062"]
[Date "2012.7.10"]
[Round "-"]
[White "perucona"]
[Black "Nick04"]
[Result "0-1"]
[WhiteElo "1544"]
[BlackElo "1718"]

1. e4 h5 2. d4 Rh6 3. Nf3 a5 4. Nc3 Raa6 5. Bxa6 Rxa6 6. O-O e6 7. Bg5 f6 8. Bd2
d5 9. Be3 Bb4 10. Bd2 Bxc3 11. Bxc3 dxe4 12. Nh4 Qd5 13. Re1 Rd6 14. Re2 g5 15.
Ng6 Kf7 16. Nh8+ Kg7 17. Qe1 Nc6 18. Rxe4 f5 19. Rxe6 Rxe6 20. Qd2 g4 21. g3
Kxh8 22. Re1 Rd6 23. Re2 Nxd4 24. Bxd4+ Qxd4 25. Qxd4+ Rxd4 26. c3 Rd1+ 27. Kg2
b6 28. h3 Bb7+ 29. Kh2 Rh1# 0-1

[Event "OS INCLIVEIS"]
[Site "http://www.queenalice.com/game.php?id=1082202"]
[Date "2012.7.13"]
[Round "-"]
[White "adelio"]
[Black "Nick04"]
[Result "0-1"]
[WhiteElo "1745"]
[BlackElo "1556"]

1. d4 e6 2. e4 d5 3. a3 dxe4 4. Nc3 Nc6 5. Be3 f5 6. h4 a5 7. g4 Nf6 8. g5 Ng4
9. Nce2 Qd5 10. Nc3 Qd8 11. Bb5 Nxe3 12. fxe3 Qd6 13. Nge2 Be7 14. Nf4 e5 15.
Nfd5 exd4 16. Nf4 dxc3 17. Qxd6 Bxd6 18. bxc3 Bxf4 19. exf4 Bd7 20. Bxc6 Bxc6
21. Rh2 O-O-O 22. c4 e3 23. Ra2 Rd4 24. Re2 Re8 25. c3 Rxf4 26. Rh2 Rxc4 27. h5
f4 28. Rh4 Ree4 29. Rh3 Rxc3 30. Ke2 f3+ 31. Rxf3 Bb5+ 32. Kd1 Rd4+ 33. Rd2
Rxd2+ 34. Ke1 Rc1# 0-1

[Event "Challenge"]
[Site "http://www.queenalice.com/game.php?id=1083609"]
[Date "2012.7.17"]
[Round "-"]
[White "MONSTERXADREZ"]
[Black "Nick04"]
[Result "0-1"]
[WhiteElo "1592"]
[BlackElo "1697"]

1. d4 Nf6 2. f3 d6 3. e4 g6 4. d5 c6 5. dxc6 Nxc6 6. Bd2 e5 7. Nc3 Be6 8. Qe2
Nd4 9. Qd3 d5 10. exd5 Bf5 11. Qe3 Nxc2+ 12. Kd1 Nxe3+ 13. Bxe3 Nxd5 14. Nb1
Nxe3+ 15. Ke2 Nc2 16. g4 Qd3+ 17. Kf2 Qe3+ 18. Kg2 Bd7 19. Na3 Qd2+ 20. Be2 Nxa1
21. Nc4 Qd5 22. Ne3 Qxa2 23. Nc4 Be6 24. Ne3 Qxb2 25. Nd1 Qd2 26. Nf2 Ba3 27.
Ne4 Qd8 28. Bb5+ Ke7 29. Ne2 Nc2 30. Kf2 Qb6+ 31. Kg3 Qxb5 32. N2c3 Qd3 33. Nb1
Bb4 34. Nf2 Qe2 35. Rc1 Be1 36. Kg2 Qxf2+ 37. Kh1 Qf1# 0-1

[Event "Challenge"]
[Site "http://www.queenalice.com/game.php?id=1083644"]
[Date "2012.7.17"]
[Round "-"]
[White "sunking"]
[Black "Nick04"]
[Result "0-1"]
[WhiteElo "1588"]
[BlackElo "1661"]

1. b3 a5 2. a4 Ra6 3. Nc3 d5 4. d4 Rc6 5. Nb5 Bf5 6. Ra2 e6 7. e3 Bb4+ 8. Bd2
Bxd2+ 9. Qxd2 Nd7 10. Bd3 Qa8 11. Nf3 Bxd3 12. Qxd3 Ngf6 13. Ne5 Nxe5 14. dxe5
Ng4 15. Nd4 Rc5 16. f4 Qa6 17. Nb5 h5 18. Qd4 Rxb5 19. axb5 Qxb5 20. h3 Nh6 21.
Qa7 Qb4+ 22. Kf2 O-O 23. Rd1 f6 24. Qd4 Qb5 25. exf6 gxf6 26. g3 f5 27. Qe5 Qb6
28. Ra3 Kf7 29. Kf3 Ke8 30. Qg7 Nf7 31. Qg6 Kd7 32. Qf6 Ke8 33. c3 Nd8 34. Qd4
c5 35. Qa4+ Nc6 36. b4 cxb4 37. cxb4 axb4 38. Rb3 Qc5 39. Qa8+ Kf7 40. Qxb7+ Ke8
41. Ra1 Qc4 42. Ra8+ Nd8 43. Qb6 Qf1# 0-1

[Event "Challenge"]
[Site "http://www.queenalice.com/game.php?id=1084194"]
[Date "2012.7.18"]
[Round "-"]
[White "sapobrasileiro"]
[Black "Nick04"]
[Result "0-1"]
[WhiteElo "1507"]
[BlackElo "1630"]

1. e4 c5 2. g3 d5 3. Bb5+ Bd7 4. Bxd7+ Nxd7 5. exd5 Ndf6 6. c4 b5 7. Nc3 bxc4 8.
Qa4+ Nd7 9. Qxc4 Rc8 10. b3 h5 11. Bb2 Rh6 12. O-O-O Rf6 13. f4 Qa5 14. Na4 Rd6
15. Bc3 Qc7 16. Nf3 Ngf6 17. Rde1 Rxd5 18. Bxf6 Nxf6 19. Re2 Rcd8 20. Rhe1 Qc8
21. Nc3 e6 22. f5 Rxf5 23. Ne5 Qb7 24. Qa4+ Nd7 25. h3 g6 26. g4 hxg4 27. Nxd7
Rxd7 28. Ne4 gxh3 29. Nd6+ Bxd6 30. Qh4 Qa6 31. Qh8+ Ke7 32. Qxh3 Qxa2 33. Qh4+
Ke8 34. d3 Bf4+ 35. Kd1 Qb1# 0-1

[Event "PODER DA CHAVE II"]
[Site "http://www.queenalice.com/game.php?id=1085981"]
[Date "2012.7.23"]
[Round "-"]
[White "perucona"]
[Black "Nick04"]
[Result "1-0"]
[WhiteElo "1399"]
[BlackElo "1741"]

1. e4 c6 2. d4 Qa5+ 3. Bd2 Qb6 4. b3 Qxd4 5. Nc3 g6 6. Qe2 b5 7. b4 a5 8. bxa5
b4 9. Na4 Qxa1+ 10. Qd1 Qxd1+ 11. Kxd1 Rxa5 12. Nb2 Rxa2 13. Bc1 Ra1 14. Ne2 Nf6
15. Ng3 Bh6 16. Nd3 Bxc1 17. Nxc1 Ng4 18. Ke2 Rxc1 19. h3 Nf6 20. Kd2 Rb1 21. c3
Rb2+ 22. Kd3 Ba6+ 23. Kd4 Rxf2 24. cxb4 Bxf1 25. Nxf1 Rxg2 26. e5 Nh5 27. Ne3
Rb2 28. Kc4 Na6 29. Rf1 Rxb4+ 30. Kc3 c5 31. Nc2 Rf4 32. Ra1 Nc7 33. Rd1 Rf3+
34. Kd2 Rxh3 35. Ne3 Rg3 36. Rc1 Ne6 37. Nc4 f5 38. Nb6 Nhf4 39. Kd1 Nd3 40. Rc2
Nxe5 41. Nc4 Ng4 42. Na3 Rxa3 43. Kc1 f4 44. Rd2 1-0

[Event "Challenge 2"]
[Site "http://www.queenalice.com/game.php?id=1086417"]
[Date "2012.7.24"]
[Round "-"]
[White "Nick04"]
[Black "adelio"]
[Result "1-0"]
[WhiteElo "1758"]
[BlackElo "1787"]

1. c3 f5 2. d4 d5 3. e3 Nf6 4. Nf3 a6 5. c4 c5 6. dxc5 Nc6 7. cxd5 Nb8 8. Nc3
Nfd7 9. b4 h6 10. Bd3 g6 11. e4 Bg7 12. Bd2 O-O 13. exf5 gxf5 14. Qc2 Ne5 15.
Nxe5 Bxe5 16. Bxh6 Bxc3+ 17. Qxc3 Rf6 18. Bg5 Rf7 19. Qe5 Nd7 20. Qg3 Kf8 21. d6
Nf6 22. Bf4 Rh7 23. O-O-O e6 24. Qg5 Bd7 25. Rhe1 Ne4 26. Qxd8+ Rxd8 27. Bxe4
fxe4 28. Rxe4 Re8 29. Rd3 Bc6 30. Ree3 Bxg2 31. d7 Rd8 32. Bd6+ Kf7 33. Bc7 Ke7
34. Bxd8+ Kxd8 35. Rxe6 Rxd7 36. Red6 Rxd6 37. cxd6 Kd7 38. h4 Be4 39. Rd2 b5
40. h5 Bh7 41. a3 Be4 42. h6 Bh7 43. Kb2 Bf5 44. f4 Bh7 45. Rg2 Kxd6 46. Rg7 Bf5
47. Ra7 Ke6 48. Rxa6+ Kf7 49. Kb3 Kg8 50. Ra7 Bg6 51. Rg7+ Kh8 52. Rxg6 Kh7 53.
Rb6 Kh8 54. Rb7 Kg8 55. f5 Kh8 56. f6 Kg8 57. f7+ Kf8 58. h7 Kg7 59. h8=Q+ Kxh8
60. f8=Q# 1-0

[Event "Challenge"]
[Site "http://www.queenalice.com/game.php?id=1086854"]
[Date "2012.7.25"]
[Round "-"]
[White "formiga"]
[Black "Nick04"]
[Result "1-0"]
[WhiteElo "1845"]
[BlackElo "1784"]

1. e4 d6 2. Nc3 h5 3. d4 e5 4. dxe5 dxe5 5. Qxd8+ Kxd8 6. Be3 Nc6 7. O-O-O+ Bd7
8. Nf3 Nf6 9. Bg5 Be7 10. Bc4 Rf8 11. a3 Ng4 12. Bxe7+ Kxe7 13. Rhf1 a6 14. h3
b5 15. Ba2 Nf6 16. Nd5+ Nxd5 17. exd5 Nd4 18. Nxe5 Ne2+ 19. Kb1 Bf5 20. Rfe1 Nf4
21. Nd3+ Kd7 22. Nxf4 g6 23. Kc1 Rad8 24. d6 cxd6 25. Nd5 Be6 26. c3 Rde8 27.
Nf6+ Kc6 28. Nxe8 Rxe8 29. Bxe6 fxe6 30. Re3 a5 31. b3 g5 32. Rde1 e5 33. f3 a4
34. b4 Rc8 35. Kb2 Kd5 36. Rd1+ Ke6 37. g3 Rd8 38. Rd2 d5 39. Rde2 e4 40. fxe4
d4 41. Rd3 g4 42. cxd4 gxh3 43. Rh2 Rg8 44. Rxh3 Rg5 45. Rc3 Kd7 46. Rc5 Rg4 47.
Rcxh5 Rxe4 48. Rh2 Rxd4 49. Rxb5 Kc7 50. Rc2+ Kd6 51. Rg5 Rd3 52. b5 Kd7 53. b6
Rb3+ 54. Ka2 Rxb6 55. Rh2 Kc6 56. Rh6+ 1-0

[Event "Challenge"]
[Site "http://www.queenalice.com/game.php?id=1089446"]
[Date "2012.8.1"]
[Round "-"]
[White "Andrei_78"]
[Black "Nick04"]
[Result "1-0"]
[WhiteElo "1710"]
[BlackElo "1765"]

1. e4 g6 2. Bc4 e6 3. h3 d5 4. exd5 exd5 5. Bb5+ c6 6. Bd3 f5 7. Nf3 Be6 8. Be2
Bd6 9. d4 Qe7 10. Bg5 Qc7 11. Nc3 Bb4 12. Bd2 Bd6 13. O-O Nf6 14. Bg5 Ne4 15.
Nxe4 fxe4 16. Nd2 Nd7 17. Re1 h6 18. Bg4 Bh2+ 19. Kh1 Bxg4 20. Qxg4 hxg5 21.
Qe6+ Kd8 22. Qxg6 Kc8 23. Qxg5 Bd6 24. a3 a5 25. Re3 Bf4 26. Qg7 Rh6 27. Re2 Kb8
28. Nf1 Nf6 29. Qf8+ Qc8 30. Qf7 Qc7 31. Qf8+ 1-0

[Event "Challenge"]
[Site "http://www.queenalice.com/game.php?id=1089716"]
[Date "2012.8.2"]
[Round "-"]
[White "Nick04"]
[Black "stefan0611"]
[Result "1-0"]
[WhiteElo "1733"]
[BlackElo "1738"]

1. c3 e5 2. d4 e4 3. Qa4 c6 4. Nd2 Nf6 5. e3 b5 6. Bxb5 cxb5 7. Qxb5 Be7 8. b3
O-O 9. Nc4 Ba6 10. Qg5 Bxc4 11. bxc4 d5 12. f3 dxc4 13. Ne2 Nd5 14. Qf5 Re8 15.
fxe4 g6 16. Qxd5 Qxd5 17. exd5 Nd7 18. O-O Nf6 19. d6 Bd8 20. Ba3 Rxe3 21. Rae1
a5 22. Bc1 Re6 23. Bf4 Ra7 24. a4 Bb6 25. Kh1 Rd7 26. Be5 Ng4 27. Bf4 Ne3 28.
Bxe3 Rxe3 29. Nf4 Rxc3 30. Nd5 Bxd4 31. Nxc3 Bxc3 32. Rc1 Bb4 33. Rxc4 Bxd6 34.
Rd4 f5 35. Rfd1 Re7 36. Rxd6 Re5 37. R6d5 Re7 38. Rxa5 h5 39. Ra8+ Kg7 40. a5
Kh7 41. a6 g5 42. g3 g4 43. Rf1 Rf7 44. a7 Kg7 45. Rg8+ 1-0